यादों की धरोहर क्षेमचन्द्र 'सुमन' / (Record no. 112304)

MARC details
000 -LEADER
fixed length control field 01209nam a22002657a 4500
005 - DATE AND TIME OF LATEST TRANSACTION
control field 20170124102936.0
010 ## - LIBRARY OF CONGRESS CONTROL NUMBER
LC control number A-952055
020 ## - INTERNATIONAL STANDARD BOOK NUMBER
Terms of availability 125.00
035 ## - SYSTEM CONTROL NUMBER
System control number A-952055
037 ## - SOURCE OF ACQUISITION
Source of stock number/acquisition Cen Lib/Ret
040 ## - CATALOGING SOURCE
Original cataloging agency DPL
Language of cataloging HN
082 ## - DEWEY DECIMAL CLASSIFICATION NUMBER
Classification number 820.8
Item number यादोंकी
245 ## - TITLE STATEMENT
Title यादों की धरोहर क्षेमचन्द्र 'सुमन' /
Statement of responsibility, etc सम्पादक इन्द्र सेंगर
246 ## - VARYING FORM OF TITLE
Title proper/short title Yaadon ki dharohar Shremchandra suman /
Remainder of title edited by Indra Sengar
260 ## - PUBLICATION, DISTRIBUTION, ETC. (IMPRINT)
Name of publisher, distributor, etc ग्रन्थ भारती
Place of publication, distribution, etc दिल्ली
Date of publication, distribution, etc 1996
270 ## - ADDRESS
City नई दिल्ली
Address 5/288, गली न.5, वेस्ट कान्ती नगर, कृष्णानगर
Postal code 110051
300 ## - PHYSICAL DESCRIPTION
Extent 151पृ.
Dimensions 21सेमी (सजिल्द)
500 ## - GENERAL NOTE
General note अनुक्रमाणिका शामिल
650 ## - SUBJECT ADDED ENTRY--TOPICAL TERM
Topical term or geographic name as entry element हिन्दी -- साहित्य
9 (RLIN) 46794
650 ## - SUBJECT ADDED ENTRY--TOPICAL TERM
Topical term or geographic name as entry element हिन्दी -- कहानी
9 (RLIN) 779
650 ## - SUBJECT ADDED ENTRY--TOPICAL TERM
Topical term or geographic name as entry element Hindi - literature
9 (RLIN) 46795
650 ## - SUBJECT ADDED ENTRY--TOPICAL TERM
Topical term or geographic name as entry element Hindi - Story
9 (RLIN) 43117
700 ## - ADDED ENTRY--PERSONAL NAME
Personal name सेंगर, इन्द्र
9 (RLIN) 46796
942 ## - ADDED ENTRY ELEMENTS (KOHA)
Source of classification or shelving scheme Dewey Decimal Classification
Koha item type Hindi Books
Classification part 820.8
Call number suffix यादोंकी
Holdings
Withdrawn status Lost status Damaged status Not for loan Home library Current library Date acquired Source of acquisition Cost, normal purchase price Total Checkouts Full call number Barcode Date last seen Copy number Cost, replacement price Price effective from Koha item type
        Central Library Central Library 07/08/2015 Cen Lib/Ret 125.00   820.8 यादोंकी A-952055 07/08/2015 1 125.00 07/08/2015 Hindi Books

© Delhi Public Library
Hit Counter
free hit counter